Normal view
MARC view
- Signal Processing
Entry Topical Term
001 - CONTROL NUMBER
- control field: 723
003 - CONTROL NUMBER IDENTIFIER
- control field: NUST
005 - DATE AND TIME OF LATEST TRANSACTION
- control field: 20170515122027.0
008 - FIXED-LENGTH DATA ELEMENTS
- fixed length control field: 170515|| aca||aabn | a|a d
040 ## - CATALOGING SOURCE
- Original cataloging agency: NUST
- Transcribing agency: NUST
150 ## - HEADING--TOPICAL TERM
- Topical term or geographic name entry element: Signal Processing
670 ## - SOURCE DATA FOUND
- Source citation: Work cat.: (NUST)23996: Quatrani,Thomas F 722, Discrete-Time Speech Signal Processing , c2002
